Clicca sul personaggio Disney - Statistics

Statistiche generali
  • Questo quiz è stato fatto 365 volte
  • Il punteggio medio è 29 su 32
Risposte nella Mappa
Le risposte nella mappa del quiz sottostante sono codificate secondo una scala di colori dal rosso al verde in base alla % di persone che hanno risposto correttamente.
 
Statistiche sulle risposte
Risposta % Corretto
Bestia
95%
Grillo Parlante
95%
Peter Pan
95%
Pippo
95%
Simba
95%
Topolino
95%
Winnie-the-Pooh
95%
Ariel
94%
Bambi
94%
Belle
94%
Dumbo
94%
Tarzan
94%
Tigro
94%
Cenerentola
93%
Macchia
93%
Paperino
93%
Pinocchio
93%
Stitch
93%
Baloo
92%
Biancaneve
92%
Jasmine
92%
Pocahontas
92%
Alice
90%
Ih-Oh
90%
Aurora
89%
Lilli
89%
Pimpi
89%
Minou
88%
Campanellino
86%
Mowgli
86%
Biagio
82%
Lilo
79%
Nessun quiz corrispondente trovato
Distribuzione punteggi
Percentuale di utenti per punteggio
Percentile per numero di risposta
I tuoi punteggi nel tempo
Non hai fatto questo quiz